Pointwise convergence of Fourier series /

This book contains a detailed exposition of Carleson-Hunt theorem following the proof of Carleson: to this day this is the only one giving better bounds. It points out the motivation of every step in the proof. Thus the Carleson-Hunt theorem becomes accessible to any analyst. The book also contains...

Full description

Bibliographic Details
Main Author: Arias de Reyna, Juan, 1947-
Corporate Author: SpringerLink (Online service)
Format: eBook
Language:English
Published: Berlin ; New York : Springer, [2002]
Series:Lecture notes in mathematics (Springer-Verlag) ; 1785.
Subjects:
Online Access:Connect to the full text of this electronic book

MARC

Tag First Indicator Second Indicator Subfields
LEADER 00000cam a22000004a 4500
001 in00003514213
006 m o d
007 cr |n|||||||||
008 020312s2002 gw a ob 001 0 eng c
005 20260420210646.6
019 |a 223589193  |a 686121995  |a 771200061 
020 |a 9783540458227 (electronic bk.) 
020 |a 3540458220 (electronic bk.) 
020 |z 3540432701 
020 |z 9783540432708 
035 |a (OCoLC)50039399  |z (OCoLC)223589193  |z (OCoLC)686121995  |z (OCoLC)771200061 
040 |a COO  |b eng  |e pn  |c COO  |d EYM  |d SPLNM  |d GW5XE  |d AU@  |d YNG  |d OCLCQ  |d DKDLA  |d OCLCO  |d OCLCQ  |d GW5XE  |d OCLCF  |d OCLCQ  |d UtOrBLW 
042 |a pcc 
049 |a TXAM 
050 4 |a QA3  |b .L28 no. 1785  |a QA404 
082 0 4 |a 510 s  |a 515/.2433  |2 21 
088 |a V1043227 
100 1 |a Arias de Reyna, Juan,  |d 1947- 
245 1 0 |a Pointwise convergence of Fourier series /  |c Juan Arias de Reyna. 
264 1 |a Berlin ;  |a New York :  |b Springer,  |c [2002] 
264 4 |c ©2002 
300 |a 1 online resource (xviii, 175 pages) :  |b illustrations. 
336 |a text  |b txt  |2 rdacontent 
337 |a computer  |b c  |2 rdamedia 
338 |a online resource  |b cr  |2 rdacarrier 
490 1 |a Lecture Notes in Mathematics,  |x 0075-8434 ;  |v 1785 
504 |a Includes bibliographical references (pages [167]-169) and index. 
505 0 |a Part I. Fourier series and Hilbert Transform -- Hardy-Littlewood maximal function -- Fourier Series -- Hilbert Transform -- Part II. The Carleson-Hunt Theorem -- The Basic Step -- Maximal inequalities -- Growth of Partial Sums -- Carleson Analysis of the Function -- Allowed pairs -- Pair Interchange Theorems -- All together -- Part III. Consequences -- Some spaces of functions -- The Maximal Operator of Fourier series. 
520 |a This book contains a detailed exposition of Carleson-Hunt theorem following the proof of Carleson: to this day this is the only one giving better bounds. It points out the motivation of every step in the proof. Thus the Carleson-Hunt theorem becomes accessible to any analyst. The book also contains the first detailed exposition of the fine results of Hunt, Sjlin, Soria, etc on the convergence of Fourier Series. Its final chapters present original material. With both Fefferman's proof and the recent one of Lacey and Thiele in print, it becomes more important than ever to understand and compare these two related proofs with that of Carleson and Hunt. These alternative proofs do not yield all the results of the Carleson-Hunt proof. The intention of this monograph is to make Carleson's proof accessible to a wider audience, and to explain its consequences for the pointwise convergence of Fourier series for functions in spaces near $cal L^1$, filling a well-known gap in the literature. 
500 |a Electronic resource. 
650 0 |a Fourier series. 
650 0 |a Convergence. 
650 7 |a Convergence.  |2 fast  |0 (OCoLC)fst00877195 
650 7 |a Fourier series.  |2 fast  |0 (OCoLC)fst00933405 
655 7 |a Electronic books.  |2 local 
710 2 |a SpringerLink (Online service) 
776 1 8 |i Print version:  |a Arias de Reyna, Juan, 1947-  |t Pointwise convergence of Fourier series.  |d Berlin ; New York : Springer, ©2002  |z 3540432701  |w (DLC) 2002020903  |w (OCoLC)49355851 
830 0 |a Lecture notes in mathematics (Springer-Verlag) ;  |v 1785. 
856 4 0 |u http://proxy.library.tamu.edu/login?url=https://link.springer.com/10.1007/b83346  |z Connect to the full text of this electronic book  |t 0 
994 |a 92  |b TXA 
999 |a MARS 
999 f f |s d6e38177-423b-33bc-9541-7668dfe34bee  |i 3e8cf3f1-b2c0-354d-8ba3-fe2e54f868d9  |t 0 
952 f f |a Texas A&M University  |b College Station  |c Electronic Resources  |s www_evans  |d Available Online  |t 0  |e QA3 .L28 no. 1785  |h Library of Congress classification 
998 f f |a QA3 .L28 no. 1785  |t 0  |l Available Online